| 000 | 00422cam a22001337a 4500 | ||
|---|---|---|---|
| 008 | 180718b1995 xxu||||| |||| 00| 0 eng d | ||
| 082 | _aAPPPA 94-95 MAR | ||
| 100 | _aMarak, R. | ||
| 245 |
_aPeoples' participation in social forestry in Meghalaya _cby R. Marak |
||
| 260 |
_aNew Delhi _bIndian Institute of Public Administration _c1995 |
||
| 300 | _a63p. | ||
| 650 | _aAPPPA | ||
| 650 | _aForest and Forestry - Social Aspects | ||
| 999 |
_c481073 _d481073 |
||